Statistics for Boudicca

Click here to take the quiz!

General Stats

  • This quiz has been taken 5 times
  • The average score is 5 of 17

Answer Stats

QuestionAnswer% Correct
London
100%
Who was the Roman Emperor at the time of the rebellion?Nero
75%
Which cities did Boudicca's forces sack?Colchester
50%
The Iceni's territory included which modern day county?Norfolk
50%
St Albans
50%
Boudicca led several what in revolt against the Romans?Tribes
50%
Where was the Roman governor when Boudicca's revolt began?On campaign
25%
What was her husband's name?Prasutagus
25%
What was Boudicca's title?Queen of the Iceni
25%
When did Boudicca die?61 AD
0%
How many Romans were killed in the revolt?80,000
0%
Where did Boudicca live?Britannia
0%
When her rebellion failed Boudicca did what to avoid capture?Commit suicide
0%
Between whom did her husband devide his estate in his will?His daughters and Rome
0%
What sparked Boudicca's rebellion?Mistreatment of her family
0%
During his life, Bouddica's husband was allied with who?Roman Empire
0%
What is Boudicca's last stand known as?The Battle of Watling Street
0%

Score Distribution

Percentile by Number Answered

Percent of People with Each Score

Your Score History

You have not taken this quiz